Taylor Swift - Devine les chansons par leurs bridge #4 - Statistiques

Statistiques générales
  • Ce quiz a été pris 309 fois
  • Le résultat moyen est 8 sur 15
Statistiques - réponses
Hint Réponse % Correct
Your Midas touch on the Chevy doorNovember flush and your flannel cure "This dorm was once a madhouse" I made a joke, "Well, it's made for me" How evergreen, our group of friends Don't think we'll say that word again And soon they'll have the nerve to deck the halls That we once walked through One for the money, two for the show I never was ready so I watch you go Sometimes you just don't know the answer 'Til someone's on their knees and asks you "She would've made such a lovely bride What a shame she's fucked in the head," they said But you'll find the real thing instead She'll patch up your tapestry that I shred champagne problems
94%
My ex-man brought his new girlfriendShe's like, "Oh my God," but I'm just gonna *** And to the fella over there with the hella good hair Won't you come on over, baby? We can ***, ***, *** Yeah, oh-oh, oh Shake It Off
94%
Ladies and gentlemen, will you please stand?With every guitar string scar on my hand I take this magnetic force of a man to be my *** My heart's been borrowed and yours has been blue All's well that ends well to end up with you Swear to be overdramatic and true to my *** And you'll save all your dirtiest jokes for me And at every table, I'll save you a seat, *** Lover
93%
And I can go anywhere I wantAnywhere I want, just not home And you can aim for my heart, go for blood But you would still miss me in your bones And I still talk to you (When I'm screaming at the sky) And when you can't sleep at night (You hear my stolen lullabies) my tears ricochet
86%
Sometimes, I wonder, when you sleepAre you ever dreaming of me? Sometimes, when I look into your eyes I pretend you're mine all the damn time Delicate
78%
And I wake with your memory over meThat's a real fucking legacy, legacy (It was ***) And I wake with your memory over me That's a real fucking legacy to leave Maroon
73%
God save the most judgmental creepsWho say they want what's best for me Sanctimoniously performing soliloquies I'll never see Thinkin' it can change the beat Of my heart when he touches me And counteract the chemistry And undo the destiny You ain't gotta pray for me Me and my wild boy and all of this wild joy If all you want is gray for me Then it's just white noise, and it's just my choice But Daddy I Love Him
66%
I wrote a thousand songs that you find uncoolI built a legacy that you can't undo But when I count the scars, there's a moment of truth That there wouldn't be this if there hadn't been you Thank You Aimee
58%
I have an excellent father, his strength is making me strongerGod smiles on my little brother, inside and out, he's better than I am I grew up in a pretty house and I had space to run And I had *** with you The Best Day
42%
I wanna brainwash youInto loving me forever I wanna transport you To somewhere the culture's clever Confess my truth In swooping, sloping, cursive letters Let the only flashing lights be the tower at midnight In my mind Paris
41%
How is it in London? (London)Where were you while I'm wonderin' (Wonderin') If I'll ever see you again? You could be the one that I love, mm-mm And now I'm standin' here, hopin' it gets to you Message in a Bottle
35%
So I'll watch your life in pictures like I used to watch you sleepAnd I feel you forget me like I used to feel you breathe And I'll keep up with our old friends just to ask them how you are Hope it's nice where you are Last Kiss
33%
You took the time to memorize meMy fears, my hopes and dreams I just like hanging out with you All the time All those times that you didn't leave It's been occurring to me I'd like to hang out with you For my whole life Stay Stay Stay
23%
When I'm with anybody elseIt's so hard to be myself And only you can tell I’m Only Me When I’m With You
19%
And you said, "HonestlyWhen you were gone Did you ever think of me?" That's When
10%
Aucun quiz correspondant
Distribution des résultats
% des personnes avec chaque résultat
Percentile par nombre de réponses
Votre historique - résultats
Vous n’avez pas pris ce quiz